000 00470nam a22001817a 4500
999 _c30895
_d30894
003 OSt
005 20180924045222.0
008 180924b ||||| |||| 00| 0 eng d
020 _a065373020031
040 _aMMU
_beng
_cMMU
_dMMU
050 _aFIC PS 3521 .R45 2005
100 _aReid, Michelle
245 _aThe purchased wife/
_cMichelle Reid.
260 _aNew York:
_bHarlequin
_c2005.
300 _a 184 p.:
650 _apurchased wife
942 _2lcc
_cLOAN LOAN